Statistiche per Più Famose Case Editrici Di Manga in Italia

Clicka qui per fare il quiz!

Statistiche generali

  • Questo quiz è stato fatto 9 volte
    (8 dall'ultimo reset)
  • Il punteggio medio è 6 su 12

Statistiche sulle risposte

IndizioRisposta% Corretto
Tokyo GhoulJ-Pop
100%
NarutoPlanet Manga
100%
One PieceStar Comics
100%
GTODynit
83%
Food WarsGOEN
67%
Ping PongHikari
50%
My Roomate is a CatFlashbook Edizioni
33%
I am a HeroGP
33%
Redo of HealerMagic Press
17%
51 Modi per salvarlaRonin Manga
17%
Death ShieldShockdom
17%
Dada AdventureMangasenpai
0%

Distribuzione punteggi

Percentile per numero di risposta

Percentuale di utenti per punteggio

I tuoi punteggi nel tempo

Non hai fatto questo quiz dall'ultimo reset